00338nam a2200109Ia 4500008004100000082000800041100001300049245004800062942000600110952009700116999001500213240331s9999 xx 000 0 und d bBEY aLogo. ed 0aBeyond ethnic conflict....? :bIn Sri Lanka cL 001040708LaWERCLbWERCLcSSCd2024-03-31l0o 305.8 BEYp1745r2024-03-31w2024-03-31yL c1985d1985